| 000 | 00537nam a2200193Ia 4500 | ||
|---|---|---|---|
| 003 | GCL | ||
| 008 | 140319s9999 xx 000 0 eng d | ||
| 040 |
_aGCL / _cGCL |
||
| 082 | 0 | 4 |
_a915.61 _bM T |
| 100 | 1 | _aTHE MINISTRY OF CULTURE AND TOURISM | |
| 245 | 1 | 0 |
_aTURKEY / _cTHE MINISTRY OF CULTURE AND TOURISM |
| 260 |
_a[S.N] : _bMINISTRY OF CULTURE AND TOURISM OF TURKE ، _c1986 |
||
| 300 | _a192 P | ||
| 650 | 0 | 4 | _aTURKEY |
| 650 | 0 | 4 | _aCULTURE |
| 650 | 0 | 4 | _aTOURISM |
| 650 | 0 | 4 | _aTURKEY - DESCRIPTION AND TRAVEL |
| 942 |
_2ddc _cBK |
||
| 999 |
_c22071 _d22071 |
||